Normal view
MARC view
Entry Personal Name
001 - CONTROL NUMBER
- control field: 24275
003 - CONTROL NUMBER IDENTIFIER
- control field: OSt
005 - DATE AND TIME OF LATEST TRANSACTION
- control field: 20210621133416.0
008 - FIXED-LENGTH DATA ELEMENTS
- fixed length control field: 210621|| aca||aabn | a|a d
040 ## - CATALOGING SOURCE
- Original cataloging agency: OSt
- Transcribing agency: OSt
100 ## - HEADING--PERSONAL NAME
- Personal name: Will, J.B., Grigg, J.A. and Nerenberg, K.M.
670 ## - SOURCE DATA FOUND
- Source citation: Work cat.: (OSt)516239: Will, J.B., Grigg, J.A. and Nerenberg, K.M., Socially-structured mobility networks and school segregation dynamics: The role of emergent consideration sets
